The archangel project (Record no. 35463)

MARC details
000 -LEADER
fixed length control field 00509nam a2200181Ia 4500
020 ## - INTERNATIONAL STANDARD BOOK NUMBER
ISBN 9780061351204
050 ## - CALL MARK
Classification number PS 3566.R5877 .G73/
100 ## - STATEMENT OF RESPONSIBILITY--MAIN AUTHOR NAME
Personal name Graham, C. S.
245 #4 - TITLE STATEMENT
Title The archangel project
260 ## - PUBLICATION, DISTRIBUTION, ETC. (IMPRINT)
Place of publication New York
260 ## - PUBLICATION, DISTRIBUTION, ETC. (IMPRINT)
Name of publisher Harper
260 ## - PUBLICATION, DISTRIBUTION, ETC. (IMPRINT)
Year of publication 2008
300 ## - PHYSICAL DESCRIPTION
Number of Pages 374 p
650 ## - SUBJECT ADDED ENTRY--TOPICAL TERM
Topical Term Intelligence officers--Fiction. Iraq War, 2003-2011--Fiction. Terrorists--Fiction. New Orleans (La.)--Fiction.
942 ## - ADDED ENTRY ELEMENTS (KOHA)
Koha item type Books
Holdings
Withdrawn status Lost status Source of classification or shelving scheme Damaged status Not for loan Permanent Location Current Location Date acquired Accession Number Price effective from Koha item type
    Library of Congress Classification     NILE UNIVERSITY OF NIGERIA - MAIN LIBRARY NILE UNIVERSITY OF NIGERIA - MAIN LIBRARY 04/23/2025 0195261 04/23/2025 Books